000 00353 a2200169 4500
001 188141
020 _a978-85-357-0642-0
040 _cMagnum
100 _aKupstas, Marcia
240 1 0 _aTrês mistérios
_lpor
245 1 0 _aTrês mistérios
300 _a117
362 0 _a2007
440 1 _aAtual
697 _aLITERATURA JUVENIL
942 _cBK
999 _c188141
_d188141